| 000 | 00681cam a22002533a 4500 | ||
|---|---|---|---|
| 001 | 27001 | ||
| 003 | PGUSA | ||
| 005 | 20140828083601.0 | ||
| 008 | 081024s2008||||xxu|||||s|||||000 1 eng d | ||
| 040 |
_aPGUSA _beng |
||
| 042 | _adc | ||
| 050 | 4 | _aPJ | |
| 100 | 1 |
_aSholem Aleichem, _d1859-1916 |
|
| 245 | 1 | 0 |
_aJewish Children _h[electronic resource] / _cSholem Aleichem |
| 260 |
_bProject Gutenberg, _c2008 |
||
| 506 | _aPublic domain in the USA. | ||
| 516 | _aElectronic text | ||
| 653 | _aJewish fiction | ||
| 653 | _aJews -- Fiction | ||
| 700 | 1 | _aBerman, Hannah | |
| 830 | 0 |
_aProject Gutenberg _v27001 |
|
| 856 | 4 | 0 | _uhttp://www.gutenberg.org/ebooks/27001 |
| 942 | _cEB | ||
| 999 |
_c256256 _d256256 |
||